000 00764nam a2200205 a 4500
008 080929s1997 ||||||||||||||||| || u
020 _a082134031X
050 _aIBRD(08)TP/376
100 _aHoban, Christopher
245 1 0 _aRoads and the environment: a handbook
_cEdited by Koji Tsunokawa and Christopher Hoban
260 _aWashington, D.C.
_bWorld Bank
_c1997
300 _axix, 225p.: ill.
350 _a0.00
490 _aWorld Bank Technical Papers
650 _aROADS--ENVIRONMENTAL ASPECTS
650 0 _aENVIRONMENTAL IMPACT ANALYSIS
700 _aTsunokawa, Koji
710 _aWorld Bank
995 _D0.00
_FCBU-MAIN LIBRARY (Kitwe)
_H1
_I0.00
_UAVAILABLE
_WSep 29, 2008
_ZInternational Publications
999 _c56622
_d56622